Statistics for Countries that Border Hungary

Click here to take the quiz!

General Stats

  • This quiz has been taken 29,168 times
  • The average score is 6 of 7

Answer Stats

Country % Correct
Austria
95%
Slovakia
95%
Romania
93%
Slovenia
92%
Serbia
91%
Croatia
90%
Ukraine
87%

Score Distribution

Percentile by Number Answered

Percent of People with Each Score

Your Score History

You have not taken this quiz